000 00612cam a22002171 4500
001 1697512
005 20180220085703.0
008 731212s1966 ncu b 000 0 eng
010 _a 66023559
040 _aDLC
_cDLC
_dDLC
041 _aeng
043 _an-us---
080 _a301.435 HAR
082 0 0 _a301.435 HAR
100 1 _a49
101 _aSOC
245 1 0 _aSocial aspects of aging
_c[by] Joseph J. Spengler [and others] Edited by Ida Harper Simpson [and] John C. McKinney.
504 _aBibliographical footnotes.
906 _a7
_bcbc
_corignew
_du
_eocip
_f19
_gy-gencatlg
942 _2ddc
_cBK
999 _c42938
_d42938